[Event "ROM-ch sf"]
[Site "Baile Tusnad"]
[Date "2000.??.??"]
[Round "3"]
[White "Stircz, Zoltan"]
[Black "Bogdan, Dan"]
[Result "1/2-1/2"]
[WhiteElo "2155"]
[BlackElo "2353"]
[PlyCount "135"]
[EventDate "2000.05.??"]
[EventType "swiss"]
[EventRounds "11"]
[EventCountry "ROU"]
[SourceTitle "EXT 2001"]
[Source "ChessBase"]
[SourceDate "2000.11.22"]
[SourceVersion "1"]
[SourceVersionDate "2000.11.22"]
[SourceQuality "1"]

1. c4 Nf6 2. Nc3 g6 3. d4 Bg7 4. e4 d6 5. Bd2 Nbd7 6. Be3 e5 7. d5 Nc5 8. f3 a5 9. g4 Nfd7 10. h4 f5 11. gxf5 gxf5 12. exf5 Nf6 13. Bd3 Nxd3+ 14. Qxd3 Nh5 15. Nge2 0-0 16. 0-0-0 Bxf5 17. Qd2 Bg6 18. f4 exf4 19. Nxf4 Nxf4 20. Bxf4 Qf6 21. Bh6 Bxh6 22. Qxh6 Qf4+ 23. Qxf4 Rxf4 24. b3 Re8 25. Rdf1 Ref8 26. Rxf4 Rxf4 27. Rh2 Kf8 28. Nb5 Rf7 29. Kd2 Rd7 30. Nd4 Bf7 31. Ke3 Ke7 32. a3 Rd8 33. Rg2 Re8 34. Kf4 Kf6 35. Re2 Re5 36. Re3 Be8 37. Re4 Bd7 38. Ke3 h6 39. Nf3 Rxe4+ 40. Kxe4 c5 41. Kf4 a4 42. bxa4 Bxa4 43. Nd2 Bc2 44. Ne4+ Ke7 45. Ke3 Bb1 46. Nd2 Bf5 47. Ne4 Bd7 48. Kf4 Ba4 49. Ng3 Bb3 50. Nf5+ Kd7 51. Ne3 h5 52. Ke4 Kc7 53. Kd3 Ba4 54. Kc3 Be8 55. Ng2 Kd7 56. Kd3 Ke7 57. Ke3 Kf6 58. Kf4 Bg6 59. Ne1 Be8 60. Nf3 b5 61. cxb5 Bxb5 62. Nd2 Bd3 63. Ne4+ Bxe4 64. Kxe4 Ke7 65. Kd3 Kd7 66. Kc4 Kc7 67. Kb5 Kb7 68. Ka5 1/2-1/2

[Event "ROM-ch sf"]
[Site "Baile Tusnad"]
[Date "2000.??.??"]
[Round "4"]
[White "Vajda, Albert"]
[Black "Stircz, Zoltan"]
[Result "1-0"]
[WhiteElo "2383"]
[BlackElo "2155"]
[PlyCount "81"]
[EventDate "2000.05.??"]
[EventType "swiss"]
[EventRounds "11"]
[EventCountry "ROU"]
[SourceTitle "EXT 2001"]
[Source "ChessBase"]
[SourceDate "2000.11.22"]
[SourceVersion "1"]
[SourceVersionDate "2000.11.22"]
[SourceQuality "1"]

1. Nf3 Nf6 2. g3 d5 3. Bg2 e6 4. 0-0 Be7 5. d3 0-0 6. Nbd2 c5 7. e4 Nc6 8. Re1 Re8 9. e5 Nd7 10. Nf1 f5 11. exf6 Bxf6 12. Ne3 Nf8 13. Ng4 e5 14. Nxf6+ gxf6 15. Nh4 Be6 16. f4 Qd7 17. fxe5 Nxe5 18. Bf4 Bg4 19. Qd2 Neg6 20. Nxg6 hxg6 21. Bh6 Nh7 22. Bf4 Be6 23. Qf2 b6 24. Bd2 Re7 25. b4 Rc8 26. bxc5 bxc5 27. Rab1 Bf7 28. Rxe7 Qxe7 29. a4 Nf8 30. a5 Qd6 31. Qf4 Qxf4 32. Bxf4 Rc6 33. Rb8 Kg7 34. Rb7 Ra6 35. Bxd5 Ne6 36. Bc4 Rc6 37. Rxa7 g5 38. Be3 Kg6 39. Ra6 Rxa6 40. Bxa6 Nc7 41. Bb7 1-0